Notas visuales: fronteras entre imagen y escritura
Uloženo v:
| Hlavní autoři: | , , |
|---|---|
| Médium: | Kniha |
| Jazyk: | španělština |
| Vydáno: |
Santiago
Metales Pesados
2010
|
| Témata: | |
| Tagy: |
Přidat tag
Žádné tagy, Buďte první, kdo vytvoří štítek k tomuto záznamu!
|
MARC
| LEADER | 00000cam a2200000 a 4500 | ||
|---|---|---|---|
| 001 | UCG5439 | ||
| 003 | CL-VaPUC | ||
| 008 | 110303e20101100CL |||||||||||||||||spa|d | ||
| 020 | |a 9789568415358 | ||
| 082 | 0 | 4 | |a 401.41 |b HON |2 21 |
| 100 | |a Honorato Crespo, Paula |e author |9 516747 | ||
| 700 | 0 | |a Lange V., Francisca |e author |9 555181 | |
| 700 | 0 | |a Risco N., Ana María |e author |9 555182 | |
| 245 | 1 | 0 | |a Notas visuales: fronteras entre imagen y escritura |
| 300 | |a 219 p | ||
| 942 | |c BK | ||
| 945 | |d 20110303 00:00:00 |a dcastane | ||
| 260 | |a Santiago |b Metales Pesados |c 2010 | ||
| 650 | 0 | |a Imagen |9 311402 | |
| 650 | 0 | |a Análisis del discurso |9 256696 | |
| 583 | |a last modification |c 20131206 08:06:51 |k Rodrigo Vera | ||
| 999 | |c 343956 |d 343954 | ||
| 952 | |0 0 |1 0 |4 0 |6 401_410000000000000_HON_2010 |7 0 |8 A |9 441674 |a BIBART |b BIBART |d 2019-11-22 |i 4747313 |o 401.41 HON 2010 |p 4747313 |r 2025-03-13 |w 2019-11-22 |y BK |k ART | ||
| 952 | |0 0 |1 0 |4 0 |6 401_410000000000000_HON_2010 |7 0 |8 A |9 441675 |a BIBART |b BIBART |d 2019-11-22 |i 4883608 |l 3 |m 1 |o 401.41 HON 2010 |p 4883608 |q 2025-04-25 |r 2025-04-10 |s 2025-04-10 |w 2019-11-22 |y BK |k ART | ||
| 952 | |0 0 |1 0 |3 erb |4 0 |6 401_410000000000000_HON_2010 |7 0 |8 A |9 441676 |a BIBHIS |b BIBHIS |i 5033446 |o 401.41 HON 2010 |p 5033446 |r 2025-01-20 |w 2019-11-22 |y BK |z Catalogado en:20131213 |k HIS | ||
| 952 | |0 0 |1 0 |3 erb |4 0 |6 401_410000000000000_HON_2010 |7 0 |8 A |9 441677 |a BIBART |b BIBART |i 5049997 |o 401.41 HON 2010 |p 5049997 |r 2025-03-13 |w 2019-11-22 |y BK |z Catalogado en:20140116 |k ART | ||